Como redactar un tema: didáctica de la escritura

Збережено в:
Бібліографічні деталі
Автор: Serafini, María Teresa (Автор)
Формат: Книга
Мова:Іспанська
Опубліковано: Barcelona Paidos 1989
Редагування:1a. ed
Серія:Colección Instrumentos Paidos, 4
Предмети:
Теги: Додати тег
Немає тегів, Будьте першим, хто поставить тег для цього запису!

MARC

LEADER 00000nam a2200000 a 4500
001 UCX5957
003 CL-VaPUC
005 20250505113535.0
008 930317e19890000SP |||||||||||||||||spa|d
999 |c 226068  |d 226066 
020 |a 8475095127 
040 |c Pontificia Universidad Católica de Valparaíso 
082 0 4 |a 808.027  |b SER  |2 21 
100 0 |a Serafini, María Teresa  |e author  |9 322317 
245 1 0 |a Como redactar un tema: didáctica de la escritura 
250 |a 1a. ed 
260 |a Barcelona  |b Paidos  |c 1989 
300 |a 256 p 
490 0 |a Colección Instrumentos Paidos, 4 
583 |a last modification  |c 19930317 00:00:00  |k Rodrigo Vera 
650 0 |x Didáctica de la escritura  |9 255241 
650 7 |a Redacción académica  |2 CL-VaPUC  |9 322318  |v Evaluación 
650 0 |a Producción de textos  |9 318914 
650 0 |a Planificación y revisión de la escritura  |9 257251 
650 0 |a Currículo de escritura   |9 902581 
942 |c BK  |2 ddc 
945 |d 19930317 00:00:00  |a rbrito 
952 |0 0  |1 0  |4 0  |6 808_027000000000000_SER_1989  |7 0  |8 A  |9 224153  |a FDOPOS  |b FDOPOS  |d 2019-11-15  |i 2929643  |o 808.027 SER 1989  |p 2929643  |r 2025-01-22  |w 2019-11-15  |y BK  |k MLA 
952 |0 0  |1 0  |4 0  |6 808_027000000000000_SER_1989  |7 0  |8 A  |9 224154  |a FDOPOS  |b FDOPOS  |d 2019-11-15  |i 3626253  |o 808.027 SER 1989  |p 3626253  |r 2025-01-22  |w 2019-11-15  |y BK  |k MLA 
952 |0 0  |1 0  |4 0  |6 808_027000000000000_SER_1989  |7 0  |8 A  |9 224155  |a BIBEDU  |b BIBEDU  |d 2019-11-15  |i 2929651  |o 808.027 SER 1989  |p 2929651  |r 2019-11-15  |w 2019-11-15  |y BK  |k LIT 
952 |0 0  |1 0  |4 0  |6 808_027000000000000_SER_1989  |7 0  |8 A  |9 224156  |a BIBCUR  |b BIBCUR  |d 2019-11-15  |i 3053695  |l 1  |o 808.027 SER 1989  |p 3053695  |r 2025-04-22  |s 2022-04-29  |w 2019-11-15  |y BK  |k PER 
952 |0 0  |1 0  |4 0  |6 808_027000000000000_SER_1989  |7 0  |8 A  |9 224157  |a BIBTEO  |b BIBTEO  |d 2019-11-15  |i 3128423  |o 808.027 SER 1989  |p 3128423  |r 2025-01-17  |w 2019-11-15  |y BK  |k ICR 
952 |0 0  |1 2  |4 0  |6 808_027000000000000_SER_1989  |7 0  |8 A  |9 224158  |a BIBTEO  |b BIBTEO  |d 2019-11-15  |i 4225465  |o 808.027 SER 1989  |p 4225465  |r 2019-11-15  |w 2019-11-15  |y BK  |k ICR 
952 |0 0  |1 0  |4 0  |6 808_027000000000000_SER_1989  |7 0  |8 A  |9 224159  |a BIBCUR  |b BIBCUR  |d 2019-11-15  |i 4573439  |o 808.027 SER 1989  |p 4573439  |r 2025-04-22  |w 2019-11-15  |y BK  |k PER 
952 |0 0  |1 0  |4 0  |6 808_027000000000000_SER_1989  |7 0  |8 A  |9 224160  |a BIBCUR  |b BIBCUR  |d 2019-11-15  |i 4592409  |o 808.027 SER 1989  |p 4592409  |r 2025-04-22  |w 2019-11-15  |y BK  |k PER